Konštrukcie pozemných stavieb : základná terminológia a klasifikácia konštrukcií pozemných stavieb, požiadavky na pozemné stavby a zásady navrhovania ich konštrukcií, normy a normalizácia /

Gespeichert in:
Bibliographische Detailangaben
1. Verfasser: Hraška, Jozef, 1953- (Verfasst von)
Weitere Verfasser: Ďurica, Pavol (Rezension), Katunský, Dušan (Rezension)
Format: Buch
Sprache:Slowakisch
Veröffentlicht: Bratislava : Spektrum STU, 2017
Ausgabe:1. vyd.
Schriftenreihe:Edícia skrípt
Schlagworte:
Tags: Tag hinzufügen
Keine Tags, Fügen Sie das erste Tag hinzu!

MARC

LEADER 00000nam a22000003a 4500
001 0028231
003 SK-STU
005 20220225112227.6
007 ta
008 171127s ----xo-----e------000-0-----d
020 |a 978-80-227-4748-6 
040 |a STU  |b slo 
041 0 |a slo  |h slo 
044 |a xo 
100 1 |a Hraška, Jozef,  |d 1953-  |u 010180  |4 aut  |9 100  |r Z1  |U SvF Stavebná fakulta  |T SvF Katedra konštrukcií pozemných stavieb  |X 899  |U V180  |Y 18  |7 A000000899 
242 0 1 |a Structures of Buildings :  |b Basic terminology and classification of building structures, Building requirements and design principles, Standards and standardization  |y eng 
245 1 0 |a Konštrukcie pozemných stavieb :  |b základná terminológia a klasifikácia konštrukcií pozemných stavieb, požiadavky na pozemné stavby a zásady navrhovania ich konštrukcií, normy a normalizácia /  |c Jozef Hraška ; rec. Pavol Ďurica, Dušan Katunský 
250 |a 1. vyd. 
260 |a Bratislava :  |b Spektrum STU,  |c 2017 
300 |a 120 s. 
490 0 |a Edícia skrípt 
650 0 7 |a budovy 
650 0 7 |a konštrukcie budov 
650 0 7 |a terminológia 
650 0 7 |a projektovanie budov 
650 0 7 |a normy a normalizácia 
700 1 |a Ďurica, Pavol  |4 rev 
700 1 |a Katunský, Dušan  |4 rev 
996 |b 284V040836  |c V* 43683/S-17  |l VVT  |s A  |a 24  |w 0028231_0001 
996 |b 284V040837  |c V* 43684/S-17  |l VVS  |s A  |a 24  |w 0028231_0002